000
00282 a2200121 4500
000
nam a22 7a 4500
005
20260429122615.0
020
_a
9780262035613
100
_a
Ian Goodfellow
_9
1235982
245
_a
Deep Learning
260
_b
The MIT Press
_c
2016
942
_c
TEXL
999
_c
1848636
_d
1848636